Science Quiz

Random Science or Biology Quiz
Score 0/20 Timer 02:00
5 Plays Today
% Correct
Ladybug
92.1%
Mosquito
91.8%
Housefly
91.8%
American Cockroach
90.4%
Grasshopper
90.3%
Ant
90%
Wasp
89.7%
Mantis
88.6%
Stick Insect
86.9%
Dragonfly
86.7%
% Correct
Earwig
82%
Monarch Butterfly
81.7%
Giant Weta
81.6%
Hercules Beetle
74.8%
Thorn Bug
73.5%
Scorpion Fly
73.1%
Diving Beetle
71.7%
Silverfish
65.7%
Hummingbird Moth
62.9%
Head Louse
60.6%

You're not logged in!

Compare scores with friends on all Sporcle quizzes.
OR
Log In

Sporcle TV

Today on Sporcle TV


Watch our educational content, quiz creation guides, and fun videos on Sporcle TV.

Show Comments

Extras

Top Quizzes Today


Score Distribution

Paid Content

Your Account Isn't Verified!

In order to create a playlist on Sporcle, you need to verify the email address you used during registration. Go to your Sporcle Settings to finish the process.

Report this User

Report this user for behavior that violates our Community Guidelines.

Details: